000 01176cam a2200217 4500
001 X121230
008 030204n2003 000 0 eng u
035 _a(Sirsi) u121230
245 _a'Best Practice' construction delivers £360 million profits
260 _c2003
490 _aDTI Press Release
_v(2003/68) 3 February 2003 (2)
520 _aConstruction Minister Brian Wilson announces that firms which used the Construction Best Practice (CBP) service gained an average 12 working days and achieved savings of £3 300. These firms which improved their management practice also increased their profits by £362m in the last four years. CBP also helped achieve an 11% increase in satisfaction over the rest of the industry and 30% of projects reported fewer or no defects. For the DTI press release: http://www.gnn.gov.uk/gnn/national.nsf/Daily+News/6FB7CE609838AE6880256CC20051BC0A?opendocument
590 _aWB
650 _aCONSTRUCTION BEST PRACTICE PROGRAMME
650 _aCONSTRUCTION STANDARDS
650 _aCONSTRUCTION INDUSTRY
650 _aINVESTMENT
650 _aMANAGEMENT PRACTICES
690 _aBUILDING AND CONSTRUCTION-MANAGEMENT
942 _n0
999 _c72046
_d72046